Detalles MARC
| 000 -LIDER |
| fixed length control field |
01114nam a2200373 b 4500 |
| 001 - NÚMERO DE CONTROL |
| Identificador de número de control |
001947 |
| 003 - IDENTIFICACDOR DE NÚMERO DE CONTROL |
| control field |
DO-SdBNP |
| 005 - DATE AND TIME OF LATEST TRANSACTION |
| control field |
20230526101556.0 |
| 007 - CAMPOS FIJOS DE DESCRIPCIÓN FÍSICA |
| fixed length control field |
001947 |
| 008 - ELEMENTOS DE LONGITUD FIJA |
| fixed length control field |
040607s2004 sp |||| ||spa |
| 017 ## - NÚMERO DE REGISTRO DE DERECHOS DE AUTOR |
| Copyright or legal deposit number |
|
| Assigning agency |
|
| 020 ## - ISBN |
| International Standard Book Number |
8466312838 |
| 035 ## - NÚMERO LOCAL |
| System control number |
|
| 040 ## - FUENTE DE CATALOGACIÓN |
| Agencia que crea de manera original el registro |
BPMSU |
| Idioma de catalogación |
spa |
| Agencia que realiza la transcripción |
BPMSU |
| Convenciones de la despripción |
|
| 080 #0 - NÚMERO DE CLASIFICACIÓN DECIMAL UNIVERSAL |
| Universal Decimal Classification number |
|
| 082 #4 - NÚMERO DE CLASIFICACIÓN DECIMAL DE DEWEY |
| Classification number |
920 |
| Item number |
P923A |
| Edition number |
22 |
| 100 ## - ASIENTO PRINCIPAL -- NOMBRE PERSONAL |
| Nombre personal |
Anónimo |
| 245 10 - MENCIÓN DE TITULO |
| Título |
Pregúntale a Alicia / |
| Mención de responsabilidad |
anónimo ; traducción de Teresa Pàmies |
| Medio (Designación general de material) |
|
| 246 14 - VARIACION DEL TÍTULO |
| Título propiamente dicho o título corto |
Preguntale a Alicia : historia de una chica atrapada en el mundo de las drogas |
| 250 ## - MENCIÓN DE EDICION |
| Mención de edición |
2a. ed. |
| 260 ## - PUBLICACIÓN, DISTRIBUCIÓN, ETC. (PIE DE IMPRENTA) |
| Lugar de publicación, distribución, etc |
Madrid : |
| Nombre del editor, distribuidor, etc. |
Suma de Letras, |
| Fecha de publicación, distribución, etc |
2004 |
| 300 ## - DESCRIPCIÓN FÍSICA |
| Extensión |
242 p. : |
| Dimensiones |
18 cm |
| 490 0# - MENCIÓN DE SERIES |
| Mención de serie |
Punto de lectura, |
| Volume/sequential designation |
513 |
| 500 ## - NOTA GENERAL |
| Materiales especificados |
Al principiar el título : Anónimo. |
| 534 ## - NOTA SOBRE LA VERSIÓN ORIGINAL |
| Asiento principal del original |
Título original : |
| Mención del título original |
Go ask Alice. |
| 590 ## - NOTA LOCAL |
| Texto de la nota local |
Inventariado, 2023/VM |
| 650 #4 - ENCABEZAMIENTO DE MATERIA--TEMÁTICO |
| Término temático o nombre geográfico como elemento de entrada |
Diarios |
| 650 #4 - ENCABEZAMIENTO DE MATERIA--TEMÁTICO |
| Término temático o nombre geográfico como elemento de entrada |
Drogas alucinógenas. |
| 650 #4 - ENCABEZAMIENTO DE MATERIA--TEMÁTICO |
| Término temático o nombre geográfico como elemento de entrada |
Abuso de drogas |
| Subdivisión temática general |
Relatos personales |
| 700 1# - ASIENTO SECUNDARIO -- NOMBRE PERSONAL |
| Nombre personal |
Sparks, Beatrice Mathews |
| Mención de responsabilidad |
tr. |
| 700 1# - ASIENTO SECUNDARIO -- NOMBRE PERSONAL |
| Nombre personal |
Pámies, Teresa |
| Fechas asociadas con el nombre |
|
| 910 ## - VALIDACIÓN |
| Validación |
VMateo V. Control de calidad (BPMSU) |
| 942 ## - ADDED ENTRY ELEMENTS (KOHA) |
| Source of classification or shelving scheme |
Dewey Decimal Classification |
| Koha item type |
Libros |